Responses for show #4678 - Wednesday, December 29, 2004

Contestants

[<< previous game]

Larry Haney, a retired teacher from Buckner, Missouri

Eric Schwendeman, a bookseller from Columbus, Ohio

Laurie Genevro Cole, an adjunct professor and town council member from Vienna, Virginia (whose 1-day cash winnings total $19,000)

[next game >>]

Jeopardy! Round responses

OFFICIAL STATE STUFF
CLASSIC SITCOM EPISODES
U.S. NEWSPAPERS
THE CALENDAR
B.C. TIMES
"HAPPY" NEW YEAR
    $200 1
milk

Larry
    $200 8
The Addams Family

Eric
    $200 3
Nashville

Eric
    $200 13
(Eric: What is October?)

November

EricLarry
    $200 26
Julius Caesar

Larry
    $200 21
happy hour

Laurie
    $400 2
(Laurie: What is shellfish?)
...
(Alex: It's a big sucker.)

fish

LaurieLarry
    $400 9
The Brady Bunch

Eric
    $400 4
(Eric: What is the Examiner?)

the Chronicle

EricLarry
    $400 14
Greece

Larry
    $400 27
the sphinx

Eric
    $400 22
The Happy Hooker

Laurie
    $600 17
the palmetto

Larry
    $600 10
Frasier

Larry
    $600 5
the Globe

Eric
    $600 15
Medina

Larry
    $600 28
Electra

Eric
    $600 23
the happy hunting grounds

Eric
    $800 18
Nevada

Eric
    $800 11
The Beverly Hillbillies

Eric
    $800 6
the Enquirer

Laurie
    $2,500 16
(Larry: What is the Exodus from Egypt?)

the Creation

Larry
    $800 29
Carthage

Eric
    $800 24
"Happy Together"

Eric
    $1000 19
Sweet Home

Larry
    $1000 12
Dennis the Menace

Larry
    $1000 7
(Laurie: What is the Post-Telegram?)

the Star-Telegram

LaurieLarry
    $1000 20
(Eric: What is 59?)

33

LaurieEric
    $1000 30
the Phoenicians

Eric
    $1000 25
Happy Rockefeller

Larry

Scores at the first commercial break (after clue 16):

Laurie Eric Larry
-$600 $1,600 $2,300

Scores at the end of the Jeopardy! Round:

Laurie Eric Larry
$1,000 $5,600 $5,100

Double Jeopardy! Round responses

"S"CIENCE
FILMS OF THE '50s
SCULPTURE
A KNIGHT TO REMEMBER
HAMLET
TO B OR NOT TO B
(Alex: ...and in that category, each correct response will be two words that are exactly the same, except that one has a "B" at the beginning. As an example, the two words might be "low" and "blow".)
    $400 1
Rebel Without a Cause

Larry
    $400 16
the dragon

Laurie
    $400 9
a Jedi

Eric
    $400 2
drinking poison

Laurie
    $400 17
booze or ooze

Laurie
    $800 3
Gidget

Laurie
    $800 22
the Venus de Milo

Laurie
    $800 12
Solomon

Eric
    $800 7
Hamlet's ghost

Eric
    $800 18
bump or ump

Eric
    $1200 4
The Seven Year Itch

Laurie
    $1200 23
Dadaism

Triple Stumper
    $1200 13
The Seventh Seal

Laurie
    $1200 8
England

Larry
    $1200 19
(Larry: What is, uh, uh, beg or egg?)

begging or egging

Larry
Triple Stumper
    $6,000 26
(Larry: Oh, I don't know, what are sundries?)

strings

Larry
    $1600 5
Dial M for Murder

Larry
    $1600 24
Henry Moore

Larry
    $1600 14
knight-errant

Eric
    $1600 10
the First Folio

Triple Stumper
    $2,000 20
bonus or onus

Eric
    $2000 27
(Laurie: What is a spirochet?)
(Larry: What is a spirochete?)

streptococci

LaurieLarry
Triple Stumper
    $2000 6
Gigi

Eric
    $2000 25
(Larry: Who is Rodin?)

Jean-Antoine Houdon

Larry
Triple Stumper
    $2000 15
(Eric: Who is Parsifal?)

Tannhäuser

Eric
Triple Stumper
    $2000 11
The play's the thing

Laurie
    $2000 21
balms or alms

Eric

Scores at the end of the Double Jeopardy! Round:

Laurie Eric Larry
$6,200 $14,000 -$1,300
(lock game)

[wagering suggestions for these scores]

Final Jeopardy! Round responses

ISLANDS
(Alex: And it was not retaken by American forces until quite a few years later.)
LaurieWhat is Okinawa?
$6,199
EricWhat is Att are the Aleutians
$2,500
Guam

Final scores:

Laurie Eric Larry
$1 $11,500 -$1,300
2nd place: $2,000 New champion: $11,500 3rd place: $1,000

Game dynamics:

Coryat scores:

Laurie Eric Larry
$6,200 $13,600 $7,200
12 R,
3 W
20 R
(including 1 DD),
4 W
17 R,
5 W
(including 2 DDs)

Combined Coryat: $27,000

The J! Archive is created by fans, for fans. The Jeopardy! game show and all elements thereof, including but not limited to copyright and trademark thereto, are the property of Jeopardy Productions, Inc. and are protected under law. This website is not affiliated with, sponsored by, or operated by Jeopardy Productions, Inc. Join the discussion at JBoard.tv.